000 00651nam a22001937a 4500
005 20160107132315.0
010 _aENG-114305
020 _c1420.00
_a9789381456217
035 _aEN-97837
037 _bDBAD/PUB
082 _a080
245 _aSelect speeches of Dr.Anugrah Narayan Sinha in the legislature (1937-1957) /
_cedited by Vijoy Kumar...[et al]
260 _aPatna
_bDirectorate of Bihar State Archive
_c2013
270 _aAbhilekh Bhawan Jawaharlal Nehru Marg
_bPatna
_e800001
300 _axv,1007p.
_c25cm(Hb)
700 _aVijoy Kumar
710 _a Bihar State Archives Directorate.
942 _2ddc
_cEN
_mSEL
_h080
999 _c97785
_d97785